[Event "VIE-ch U09 Girls"]
[Site "Ho Chi Minh City"]
[Date "2014.07.17"]
[Round "7"]
[White "Le, Nguyen My An"]
[Black "Ngo, Anh Thu"]
[Result "0-1"]
[WhiteElo "1607"]
[BlackElo "1555"]
[PlyCount "70"]
[EventDate "2014.07.13"]
[EventType "swiss"]
[EventRounds "9"]
[EventCountry "VIE"]
[SourceTitle "EXT 2016"]
[Source "ChessBase"]
[SourceDate "2015.10.08"]
[SourceVersion "1"]
[SourceVersionDate "2015.10.08"]
[SourceQuality "1"]

1. e4 e5 2. Nf3 Nc6 3. Bc4 h6 4. d3 Bc5 5. 0-0 d6 6. h3 Qf6 7. c3 Qg6 8. g3 Bxh3 9. Re1 Qf6 10. Be3 Bg4 11. Nbd2 Nge7 12. Bxc5 dxc5 13. Re3 a6 14. Bb3 b5 15. c4 Nd4 16. Bc2 0-0 17. cxb5 axb5 18. Bb3 Ra6 19. Bd5 Rd8 20. Bb7 Rb6 21. Bd5 Nxd5 22. exd5 Rxd5 23. Nb3 Nxf3+ 24. Kf1 Nh2+ 25. Kg1 Bxd1 26. Rxd1 Nf3+ 27. Kg2 Nd4 28. Nxd4 Rxd4 29. Rf3 Qd6 30. Re3 c4 31. Re2 Rxd3 32. Rxd3 cxd3 33. Rd2 Rc6 34. Rd1 d2 35. Rxd2 Qxd2 0-1